Normal view
MARC view
- العاب القوى- الرياضة
Entry Topical Term
001 - CONTROL NUMBER
- control field: 42534
003 - CONTROL NUMBER IDENTIFIER
- control field: JO-AjAnu
005 - DATE AND TIME OF LATEST TRANSACTION
- control field: 20230606081045.0
008 - FIXED-LENGTH DATA ELEMENTS
- fixed length control field: 230606|| aca||aabn | a|a d
040 ## - CATALOGING SOURCE
- Original cataloging agency: JO-AjAnu
- Transcribing agency: JO-AjAnu
150 ## - HEADING--TOPICAL TERM
- Topical term or geographic name entry element: العاب القوى- الرياضة
670 ## - SOURCE DATA FOUND
- Source citation: Work cat.: (JO-AjAnu)21787: تاليف شلتوت، السيد حسن، م.مشارك صدقي أحمد سلام, author 42533, الرمى في ألعاب القوى